Nociones de gramática española

Salvato in:
Dettagli Bibliografici
Autore principale: Gili Gaya, Samuel
Natura: Libro
Lingua:Undetermined
Pubblicazione: Barcelona, España Ediciones Spes 1952
Soggetti:
Tags: Aggiungi Tag
Nessun Tag, puoi essere il primo ad aggiungerne!!

MARC

LEADER 00000nam a2200000Ia 4500
008 170316s9999 xx 000 0 und d
090 |a 415-E G-5n 
100 |a Gili Gaya, Samuel 
245 |a Nociones de gramática española 
260 |a Barcelona, España 
260 |b Ediciones Spes 
260 |c 1952 
300 |a 102 páginas 
650 |a GRAMÁTICA ESPAÑOLA 
650 |a GRAMÁTICA HISTÓRICA 
999 |c 18972  |d 18972 
040 |a cru BVZT 
942 |c 15 D  |h 415-E G-5n  |2 z